00858nam a2200193 i 450000100060000000300090000600500170001500700030003200800410003511100750007624501340015126000650028530000490035065000530039971000510045285200220050399900170052595201220054246592ES-MaACL20230906161420.0t|030331s1966 sp f |||| | spa d2 aCongreso Nacional de Medicina Interna (n7º. d1966. cPamplona)954410aFibrosis y enfisema pulmonar... tiroides b: ponencias y resúmenes de comunicaciones VII Congreso Nacional de Medicina Interna. a[Madrid : bSociedad Española de Medicina Interna, c1966] a348 p., 8 p. de 3 lám., 3 lám ; c24 cm.04aMedicina interna-vCongresos y asambleas.9149262 aSociedad Española de Medicina Interna.96737 aES-MaACLjC-32025 c46592d46592 00104070aATENEOMbATENEOMcDEPO2d2008-01-17eSCl0oC-32025p1049001r2023-02-23 00:00:00w2023-02-23yMONOGRAFIA